000 00376cam a22001097a 4500
008 180718b1965 xxu||||| |||| 00| 0 eng d
082 _aT4651x5452 M267
245 _aHindu religious and charitable endowments department manual
_cby Department Manual, Madras
260 _a
_bThe Director of Stationery and Printing
_c1965
300 _a390+p.
700 _aMadras. Department Manual
999 _c498097
_d498097